Dissolution pattern of rock phosphates (Record no. 51534)

MARC details
000 -LEADER
fixed length control field 00537nam a2200205Ia 4500
100 ## - MAIN ENTRY--AUTHOR NAME
Personal name Syamala V.K.
245 #0 - TITLE STATEMENT
Title Dissolution pattern of rock phosphates
260 ## - PUBLICATION, DISTRIBUTION, ETC. (IMPRINT)
Name of publisher Indian Journal of Natural Rubber Research
Year of publication 1999
300 ## - PHYSICAL DESCRIPTION
Number of Pages 86-91
650 ## - SUBJECT ADDED ENTRY--TOPICAL TERM
Topical Term Acidic soil
650 ## - SUBJECT ADDED ENTRY--TOPICAL TERM
Topical Term Dissolution pattern
650 ## - SUBJECT ADDED ENTRY--TOPICAL TERM
Topical Term Rock phosphate
650 ## - SUBJECT ADDED ENTRY--TOPICAL TERM
Topical Term Soil analysis
700 ## - ADDED ENTRY--PERSONAL NAME
Personal name Abraham J.
700 ## - ADDED ENTRY--PERSONAL NAME
Personal name Bindumol G.P.
700 ## - ADDED ENTRY--PERSONAL NAME
Personal name George E.S.
700 ## - ADDED ENTRY--PERSONAL NAME
Personal name Punnoose K.I.
942 ## - ADDED ENTRY ELEMENTS (KOHA)
Koha item type Bibliography STAF
Holdings
Withdrawn status Lost status Damaged status Not for loan Home library Current library Shelving location Date acquired Serial Enumeration / chronology Koha item type
      Bibliography RRII Library RRII Library Soils and agonomy 09/04/2014 Volume 12, Issue 1&2 Bibliography STAF